| 000 | 00543nam a2200181Ia 4500 | ||
|---|---|---|---|
| 003 | LK-CoDNM | ||
| 008 | 010623t2006 xxu||||| |||| 00| 1 sin d | ||
| 040 |
_aLK-CoDNM _dLK-CoDNM _eLK-CoDNM |
||
| 041 | _asin | ||
| 080 |
_a809.12 _bDEW |
||
| 100 | _aDewarakshitha, Batuwanthudawe Sri | ||
| 245 | _aසන්න සහිත වාත්තමාලාකාව්ය | ||
| 246 | _aSanna sahitha Vruththmalakhayawa | ||
| 260 |
_bRathna book Publication _aColombo _c2006 |
||
| 300 | _b30, 21.5 cm | ||
| 650 | _aPali Language | ||
| 942 | _cBK | ||
| 999 |
_c126184 _d126184 |
||